000 00306 a2200145 4500
001 59300
020 _a8574026646
040 _cAnchieta - Pituba
240 1 0 _aPiotr Il`yich Tchaikovsky
_lpor
245 1 0 _aPiotr Il`yich Tchaikovsky
300 _a54
362 0 _a2005
650 4 _aMúsica
942 _cBK
999 _c59300
_d59300